000 00328nam a2200133Ia 4500
005 20260328104334.0
008 260328s9999||||xx |||||||||||||| ||und||
100 _aSchleifer, Simone
245 0 _aPequeños jardines Urbanos /
_cSimone Schleifer
260 _bEvergreen
300 _a190 p.
650 _aURBANISMO
942 _cBK
999 _c11818
_d11818